Geography of India (Record no. 28851)
[ view plain ]
| 000 -LEADER | |
|---|---|
| fixed length control field | 00257nam a2200109Ia 4500 |
| 082 ## - DEWEY DECIMAL CLASSIFICATION NUMBER | |
| Classification number | 915(540) |
| Item number | GOP |
| 100 ## - MAIN ENTRY--AUTHOR NAME | |
| Personal name | GopalSingh |
| 245 #0 - TITLE STATEMENT | |
| Title | Geography of India |
| 260 ## - PUBLICATION, DISTRIBUTION, ETC. (IMPRINT) | |
| Place of publication | Delhi |
| Name of publisher | Atma Ram |
| Year of publication | 1976 |
| 942 ## - ADDED ENTRY ELEMENTS (KOHA) | |
| Koha item type | Books |
| Withdrawn status | Lost status | Damaged status | Not for loan | Home library | Current library | Date acquired | Cost, normal purchase price | Full call number | Accession Number | Koha item type |
|---|---|---|---|---|---|---|---|---|---|---|
| RRII Library | RRII Library | 16/12/2021 | 25.00 | 915(540) GOP | 09444 | Books |